| 000 | 01280cam a2200145 4500500 | ||
|---|---|---|---|
| 005 | 20260322000242.0 | ||
| 041 | _afre | ||
| 042 | _adc | ||
| 100 | 1 | 0 |
_aGil, Marie _eauthor |
| 700 | 1 | 0 |
_aWorms, Frédéric _eauthor |
| 245 | 0 | 0 | _aLa Vita Nova : La vie comme texte, l'écriture comme vie |
| 260 |
_bHermann,
_c2016. |
||
| 520 | _aCertains écrivains et penseurs ont ressenti le besoin, à un moment de leur vie et de leur création, de proférer une « renaissance » personnelle, encore appelée Vita nova. La Vita nova permet de saisir une forme essentielle du lien qui unit la vie et l'écriture, car ces nouvelles vies sont toujours des naissances de nouvelles écritures, qui refondent en profondeur le genre dans lequel elles s'inscrivent. Réciproquement, la Vita nova nous révèle qu'on ne peut parler d'une vie qui ne serait pas une écriture. Paradoxalement, l'acte de profération de la vie nouvelle est un acte répétitif, lui-même recommencement éternel de l'acte de « revivre » d'où son lien, notamment chez Barthes, à la mort qui le conditionne. Il fonde le lieu et le temps de la création comme toujours reportés, comme « ailleurs ». | ||
| 856 | 4 | 1 | _uhttps://shs.cairn.info/la-vita-nova--9782705692056?lang=fr&redirect-ssocas=7080 |
| 999 |
_c1704527 _d1704527 |
||